[Event "SVK-chT3B2 2223"]
[Site "Slovakia"]
[Date "2022.11.06"]
[Round "2.7"]
[White "Sehnoutek, Miroslav"]
[Black "Angelov, Phillip"]
[Result "1/2-1/2"]
[WhiteElo "1336"]
[BlackElo "1032"]
[PlyCount "111"]
[EventDate "2022.10.23"]
[EventType "team-tourn"]
[EventRounds "11"]
[EventCountry "SVK"]
[SourceTitle "EXT 2024"]
[Source "ChessBase"]
[SourceDate "2023.10.10"]
[SourceVersion "1"]
[SourceVersionDate "2023.10.10"]
[SourceQuality "1"]
[WhiteTeam "Belusa II"]
[BlackTeam "Puchov Vcielka"]
[WhiteTeamCountry "SVK"]
[BlackTeamCountry "SVK"]

1. d4 d5 2. Nf3 Nc6 3. c4 dxc4 4. e3 Nf6 5. Bxc4 Bf5 6. 0-0 e6 7. Nc3 Bd6 8. Nh4 0-0 9. Nxf5 exf5 10. h3 Ne4 11. Qf3 Nxc3 12. bxc3 Na5 13. Bd3 g6 14. Bd2 c5 15. c4 cxd4 16. exd4 Bc7 17. d5 Qd6 18. g3 Qa3 19. Kg2 Qa4 20. Bxa5 Qxa5 21. Qe2 Rfe8 22. Qc2 f4 23. h4 fxg3 24. fxg3 Re3 25. Rf3 Rxf3 26. Kxf3 Qb6 27. Rf1 Qd6 28. Qg2 Re8 29. Qh3 Qa3 30. Rd1 Qc5 31. Be4 Qa3+ 32. Rd3 Qe7 33. Re3 f5 34. Kg2 fxe4 35. Qe6+ Qxe6 36. dxe6 Rxe6 37. g4 Bb6 38. Re2 e3 39. g5 Re4 40. Kg3 Rxc4 41. Kh3 h5 42. gxh6 Bd8 43. Rxe3 Rxh4+ 44. Kg2 Rxh6 45. Re8+ Kf7 46. Rxd8 a5 47. Rd7+ Kf6 48. Rxb7 Rh5 49. Rb6+ Kf7 50. Ra6 Rg5+ 51. Kf3 Kg7 52. Kf4 Kh6 53. Ra8 Rf5+ 54. Kg4 Rg5+ 55. Kh4 Rh5+ 56. Kg4 1/2-1/2